000 00777nam0a22002411 4500
001 rc\87315
005 20250620174654.0
010 _a5-86269-049-2
_9500
035 _a(NLR Aleph) 005354781
090 _a6835248
_c6835248
100 _a20021216d1994 |||y0rusy50 ca
101 0 _arus
102 _aRU
105 _aa |||||||||
200 1 _aВсе аллеи ведут в Рим
_eАллеи
_eI. II. III
_e[Стихи]
_fСергей Полынин
_g[Худож. Е. Конадюк, А.Н. Хоц]
210 _aТула
_cГМРИП "Левша"
_d1994
215 _a106 с.
_cил.
_d17
700 1 _aПолынин
_bС.В.
_gСергей Викторович
801 0 _aRU
_bNLR
_gpsbo
801 1 _aRU
_bELAR
_2rusmarc
852 _aNLR
_j95-2/566
942 _cBOOK
980 _aNB